अंकरहित शून्यों का जोड़ः (Record no. 48968)

MARC details
000 -LEADER
fixed length control field 03297nam a22003617a 4500
005 - DATE AND TIME OF LATEST TRANSACTION
control field 20101202145340.0
008 - FIXED-LENGTH DATA ELEMENTS--GENERAL INFORMATION
fixed length control field 090224t xxu||||| |||| 00| 0 hin d
010 ## - LCCN (DPL NO)
LC control number HIN-91177 B-437788-795
020 ## - INTERNATIONAL STANDARD BOOK NUMBER
Terms of availability 200.00
International Standard Book Number 8177143735
035 ## - SYSTEM CONTROL NUMBER
System control number HN-63523 B-437788-795
037 ## - SOURCE OF ACQUISITION
Source of stock number/acquisition DBAD / PUB
037 ## - SOURCE OF ACQUISITION
Source of stock number/acquisition Allied Pub/Ven
040 ## - CATALOGING SOURCE
Original cataloging agency DPL
Language of cataloging HN
082 ## - DEWEY DECIMAL CLASSIFICATION NUMBER
Classification number
100 ## - MAIN ENTRY--PERSONAL NAME
Personal name जोशी, दिनकर
9 (RLIN) 24550
245 ## - TITLE STATEMENT
Title अंकरहित शून्यों का जोड़ः
Statement of responsibility, etc दिनकर जोशी; आशित हैदराबादी द्वारा अनुदित
Remainder of title सामाजिक उपन्यास /
260 ## - PUBLICATION, DISTRIBUTION, ETC. (IMPRINT)
Place of publication, distribution, etc नई दिल्ली
Name of publisher, distributor, etc प्रकाशन संस्थान
Date of publication, distribution, etc 2010
270 ## - ADDRESS
Address 4268-बी/3, अंसारी रोड, दरियागंज
City नई दिल्ली
Postal code 110002
300 ## - PHYSICAL DESCRIPTION
Extent 144पृ.
Dimensions 22सेमी. (सजिल्द)
650 ## - SUBJECT ADDED ENTRY--TOPICAL TERM
9 (RLIN) 697
700 ## - ADDED ENTRY--PERSONAL NAME
9 (RLIN) 24551
Personal name आशित हैदराबादी
942 ## - ADDED ENTRY ELEMENTS (KOHA)
Source of classification or shelving scheme Dewey Decimal Classification
Item type Hindi Books
Call number suffix जोशीदि
Classification part
Holdings
Withdrawn status Lost status Source of classification or shelving scheme Damaged status Not for loan Collection code Home library Current library Date acquired Source of acquisition Cost, normal purchase price Total Checkouts Full call number Barcode Date last seen Copy number Cost, replacement price Koha item type Total Renewals
    Dewey Decimal Classification     Fiction Central Jail Tihar Central Library 28/06/2011 एलाईड पब्लिशर्स/2970/30.3.2011/84/24.3.11/31.3.11 200.00   उ जोशीदि B-437792 28/06/2011 1 200.00 Hindi Books  
    Dewey Decimal Classification   Not For Loan Fiction D.B.Act.Division D.B.Act.Division 03/12/2010 DBAD /PUB 200.00   उ जोशीदि HN-63523 03/12/2010 1 200.00 Hindi Books  
    Dewey Decimal Classification     Fiction Janak Puri Janak Puri 28/06/2011 एलाईड पब्लिशर्स/2970/30.3.2011/84/24.3.11/31.3.11 200.00 4 उ जोशीदि B-437793 17/10/2017 1 200.00 Hindi Books 1
    Dewey Decimal Classification     Fiction Karol Bagh Karol Bagh 28/06/2011 एलाईड पब्लिशर्स/2970/30.3.2011/84/24.3.11/31.3.11 200.00   उ जोशीदि B-437794 28/06/2011 1 200.00 Hindi Books  
    Dewey Decimal Classification     Fiction Kasturba Gandhi Marg Kasturba Gandhi Marg 28/06/2011 एलाईड पब्लिशर्स/2970/30.3.2011/84/24.3.11/31.3.11 200.00   उ जोशीदि B-437789 28/06/2011 1 200.00 Hindi Books  
    Dewey Decimal Classification     Fiction Narela Narela 28/06/2011 एलाईड पब्लिशर्स/2970/30.3.2011/84/24.3.11/31.3.11 200.00   उ जोशीदि B-437795 28/06/2011 1 200.00 Hindi Books  
    Dewey Decimal Classification     Fiction Patel Nagar Patel Nagar 28/06/2011 एलाईड पब्लिशर्स/2970/30.3.2011/84/24.3.11/31.3.11 200.00 1 उ जोशीदि B-437788 23/04/2019 1 200.00 Hindi Books  
    Dewey Decimal Classification     Fiction Peshwa Road Peshwa Road 28/06/2011 एलाईड पब्लिशर्स/2970/30.3.2011/84/24.3.11/31.3.11 200.00   उ जोशीदि B-437790 28/06/2011 1 200.00 Hindi Books  
    Dewey Decimal Classification     Fiction Tri Nagar Tri Nagar 28/06/2011 एलाईड पब्लिशर्स/2970/30.3.2011/84/24.3.11/31.3.11 200.00   उ जोशीदि B-437791 28/06/2011 1 200.00 Hindi Books  

© Delhi Public Library
Hit Counter
free hit counter